Suomalaiset keihäänheiton olympiavoittajat ja maailmanmestarit - Statistics

Yleistilastot
  • Tätä visaa on pelattu 53 kertaa
  • Keskiarvotulos 9 / 14
Vastaustilastot
% Oikein
MM 1987 Seppo Räty
96%
MM 2007 Tero Pitkämäki
91%
MM 1991 Kimmo Kinnunen
87%
OLY 1948 Tapio Rautavaara
85%
OLY 1988 Tapio Korjus
80%
MM 1999 Aki Parviainen
78%
MM 1983 Tiina Lillak
76%
OLY 1996 Heli Rantanen
70%
OLY 1964 Pauli Nevala
61%
OLY 1984 Arto Härkönen
46%
OLY 1932 Matti Järvinen
46%
OLY 1920 Jonni Myyrä
43%
OLY 1924 Jonni Myyrä
43%
OLY 1912 Julius Saaristo
22%
Ehtoja vastaavia visoja ei löytynyt
Tulosjakauma
Jokaisen tuloksen saaneiden osuus
Persentiili vastausten määrän mukaan
Tuloshistoriasi
Et ole pelannut tätä visaa